My dad the tuktuk driver / (Record no. 50424)
| 000 -LEADER | |
|---|---|
| fixed length control field | 00305nam a2200109 4500 |
| 020 ## - INTERNATIONAL STANDARD BOOK NUMBER | |
| International Standard Book Number | 9781937954062 |
| 100 ## - MAIN ENTRY--PERSONAL NAME | |
| Personal name | Falconer, Leslie |
| 9 (RLIN) | 68141 |
| 245 ## - TITLE STATEMENT | |
| Title | My dad the tuktuk driver / |
| Statement of responsibility, etc | Leslie Falconer |
| 260 ## - PUBLICATION, DISTRIBUTION, ETC. (IMPRINT) | |
| Place of publication, distribution, etc | USA |
| Name of publisher, distributor, etc | Experience Early Learning |
| Date of publication, distribution, etc | 2013 |
| 300 ## - PHYSICAL DESCRIPTION | |
| Extent | 33 p. |
| Other physical details | col. ill. |
| Dimensions | 24 cm. |
| 942 ## - ADDED ENTRY ELEMENTS (KOHA) | |
| Source of classification or shelving scheme | |
| Koha item type | Book |
| Withdrawn status | Lost status | Source of classification or shelving scheme | Damaged status | Not for loan | Home library | Current library | Shelving location | Date acquired | Total Checkouts | Full call number | Barcode | Date last seen | Price effective from | Koha item type |
|---|---|---|---|---|---|---|---|---|---|---|---|---|---|---|
| Asian Hope Early Years Library | Asian Hope Early Years Library | Easy Reading | 04/24/2026 | E FAL | 209538 | 04/24/2026 | 04/24/2026 | Book | ||||||
| Asian Hope Early Years Library | Asian Hope Early Years Library | Easy Reading | 04/24/2026 | E FAL | 209483 | 04/24/2026 | 04/24/2026 | Book | ||||||
| Asian Hope Early Years Library | Asian Hope Early Years Library | Easy Reading | 04/24/2026 | E FAL | 209535 | 04/24/2026 | 04/24/2026 | Book | ||||||
| Asian Hope Early Years Library | Asian Hope Early Years Library | Easy Reading | 04/24/2026 | E FAL | 209527 | 04/24/2026 | 04/24/2026 | Book |